000 00299nam a22001337a 4500
008 190304b xxu||||| |||| 00| 0 eng d
020 _a081413004953
041 _aeng
080 _a038
100 _a23
101 _aFJA
245 _aThe Merriam-Webster Theasurus
_cWebster,M
942 _2udc
_cBK
999 _c54431
_d54431